00394nam a2200157Ia 450000100060000000800410000602000180004704000130006508200180007810000210009624500510011726000360016830000110020454600070021565000140022272519160428s9999 xx 000 0 und d a9789383074778 cPK-LaUMT a 954.04bPAR- aButalia, Urvashi aPartition /bthe long shadowcButalia, Urvashi aNew York:bPenguin Group,c2015 a270 p. aEN aPartition